000 00295nam a22001337a 4500
003 SGT
020 _a9788180548147
082 _a658.40
_bPRA
100 _aPRASAD, L.M
245 _aMANAGEMENT INFORMATION SYSTEM
260 _bSULTAN CHAND AND SONS
_c2015
300 _a617
942 _2ddc
_cBK
_010
999 _c16258
_d16258